000 02779cam a22003858a 4500
001 15723609
005 20100219083457.0
008 090504s2010 mau |rb 001 0 eng
010 _a 2009018084
020 _a9780137029152
020 _a0137029150
040 _aDLC
_cDLC
_dDLLC
050 0 0 _aHD30.28
_b.W43 2010
082 0 0 _a658.4012
_222
_bWHE
100 1 _aWheelen, Thomas L.
_911715
245 1 0 _aStrategic Management and Business Policy :
_bAchieving Sustainability /
_cThomas L. Wheelen, J. David Hunger.
250 _a12th ed.
260 _aBoston :
_bPrentice Hall, 2010
_c2009, c2010.
263 _a0908
300 _a979 p.:
_bCol. ill.;
_c25 cm.
504 _aIncludes bibliographical references and index.
505 0 _aBasic concepts in strategic management -- Corporate governance -- Ethics and social responsibility -- Environmental scanning and industry analysis -- Internal scanning and organizational analysis -- Situation analysis and business strategy -- Corporate strategy -- Functional strategy and strategic choice -- Organizing for action -- Staffing and directing -- Evaluation and control -- Suggestions for case analysis -- Web chapter A: Managing technology and innovation -- Web chapter B: Entrepreneurial ventures and small businesses -- Web chapter C: Not-for-profit organizations -- Cases in strategic management.
650 0 _aStrategic planning.
_911716
650 0 _aStrategic planning
_vCase studies.
_911717
650 0 _aSustainability.
_911718
700 1 _aHunger, J. David,
_d1941-
_911719
942 _2ddc
_cNB
999 _c13470
_d13470